| 000 | 01021cab a2200313 4500 | ||
|---|---|---|---|
| 001 | ABS51099 | ||
| 008 | 090401t1994 xxu||||| |||| 00| 0 eng d | ||
| 035 | _a(Sirsi) u9949 | ||
| 041 | _aeng | ||
| 100 | _aCargill Thompson, J. | ||
| 245 | _aKnowing me, knowing you | ||
| 260 | _c1994 | ||
| 350 | _a0 | ||
| 490 |
_aBuilding _v259(7855) 5 August 1994, 36-37(2) |
||
| 520 | _aDescribes the use of knowledge-based engineering systems, which understand elements designed by different people. Reading University and BAA hope to further the use of KBE and are using it in the remodelling of Heathrow terminal 1. | ||
| 650 | _aBAA | ||
| 650 | _aCAD | ||
| 650 | _aDESIGN | ||
| 650 | _aHEATHROW | ||
| 650 | _aICAD | ||
| 650 | _aKBE | ||
| 650 | _aKNOWLEDGE-BASED ENGINEERING SYSTEMS | ||
| 650 | _aUNIVERSITY OF READING | ||
| 650 | _aVIRTUAL REALITY | ||
| 690 | _aBUILT ENVIRONMENT-CONSTRUCTION DESIGN | ||
| 690 | _aMANAGEMENT-BUSINESS MANAGEMENT-INFORMATION MANAGEMENT | ||
| 942 | _n0 | ||
| 948 | _c04/03/1997 | ||
| 999 |
_c6258 _d6258 |
||